Histología : (Registro nro. 71006)
[ vista simple ]
| 000 -LEADER | |
|---|---|
| fixed length control field | 01582cam a2200373 i 4500 |
| 001 - CONTROL NUMBER | |
| control field | 71006 |
| 003 - CONTROL NUMBER IDENTIFIER | |
| control field | Mx-PuUPA |
| 005 - DATE AND TIME OF LATEST TRANSACTION | |
| control field | 20240506151327.0 |
| 008 - FIXED-LENGTH DATA ELEMENTS--GENERAL INFORMATION | |
| fixed length control field | 240506s2020 sp a|||fr|||| 001 0 spa d |
| 017 ## - COPYRIGHT OR LEGAL DEPOSIT NUMBER | |
| Copyright or legal deposit number | M-35713-2019 |
| 020 ## - INTERNATIONAL STANDARD BOOK NUMBER | |
| International Standard Book Number | 9788417602659 |
| 040 ## - CATALOGING SOURCE | |
| Original cataloging agency | Mx-PuUPA |
| Language of cataloging | spa |
| Transcribing agency | Mx-PuUPA |
| Modifying agency | Mx-PuUPA |
| Description conventions | rda |
| 041 1# - LANGUAGE CODE | |
| Language code of text/sound track or separate title | spa |
| Language code of original | eng |
| 100 1# - MAIN ENTRY--PERSONAL NAME | |
| Personal name | Ross, Michael H. |
| 9 (RLIN) | 3944 |
| Relator term | autor |
| 240 10 - UNIFORM TITLE | |
| Uniform title | Histology : a text and atlas : with correlated cell and molecular biology. |
| Language of a work | Español |
| 245 10 - TITLE STATEMENT | |
| Title | Histología : |
| Remainder of title | texto y atlas color con biología celular y molecular / |
| Statement of responsibility, etc. | Michael H. Ross ; Wojciech Pawlina ; traducción de Gustavo Arturo Mezzano [y otros tres] |
| 250 ## - EDITION STATEMENT | |
| Edition statement | 8a. edición |
| 264 #1 - PRODUCTION, PUBLICATION, DISTRIBUTION, MANUFACTURE, AND COPYRIGHT NOTICE | |
| Place of production, publication, distribution, manufacture | Barcelona, España : |
| Name of producer, publisher, distributor, manufacturer | Wolters Kluwer, |
| Date of production, publication, distribution, manufacture, or copyright notice | 2020 |
| 300 ## - PHYSICAL DESCRIPTION | |
| Extent | xvi, 1045 páginas : |
| Other physical details | ilustraciones ; |
| Dimensions | 29 cm |
| 336 ## - CONTENT TYPE | |
| Fuente | rdacontent |
| Content type term | texto |
| Content type code | txt |
| 336 ## - CONTENT TYPE | |
| Fuente | rdacontent |
| Content type term | imagen fija |
| Content type code | sti |
| 337 ## - MEDIA TYPE | |
| Source | rdamedia |
| Media type term | sin medio |
| Media type code | n |
| 338 ## - CARRIER TYPE | |
| Source | rdacarrier |
| Carrier type term | volumen |
| Carrier type code | nc |
| 650 #7 - SUBJECT ADDED ENTRY--TOPICAL TERM | |
| Source of heading or term | armarc |
| Topical term or geographic name entry element | Histología |
| Chronological subdivision | Estudio y enseñanza |
| 650 #7 - SUBJECT ADDED ENTRY--TOPICAL TERM | |
| Source of heading or term | armarc |
| Topical term or geographic name entry element | Citología |
| 650 #7 - SUBJECT ADDED ENTRY--TOPICAL TERM | |
| Source of heading or term | armarc |
| Topical term or geographic name entry element | Células |
| General subdivision | Biología |
| 700 1# - ADDED ENTRY--PERSONAL NAME | |
| Personal name | Pawlina, Wojciech, |
| Relator term | autor |
| 9 (RLIN) | 3945 |
| 700 1# - ADDED ENTRY--PERSONAL NAME | |
| Personal name | Mezzano, Gustavo Arturo, |
| Relator term | traductor |
| 765 0# - ORIGINAL LANGUAGE ENTRY | |
| Main entry heading | Ross, Michael H. |
| Title | Histology : a text and atlas : with correlated cell and molecular biology |
| Edition | 8a. edición |
| Place, publisher, and date of publication | Philadelphia, PA : Wolters Kluwer, 2020 |
| International Standard Book Number | 9781496383426 |
| 942 ## - ADDED ENTRY ELEMENTS (KOHA) | |
| Source of classification or shelving scheme | Dewey Decimal Classification |
| Koha item type | Libro |
| Classification part | 611.0181 |
| Item part | R788 |
| Withdrawn status | Lost status | Source of classification or shelving scheme | Damaged status | Not for loan | Collection code | Home library | Current library | Shelving location | Date acquired | Source of acquisition | Cost, normal purchase price | Total Checkouts | Full call number | Barcode | Date last seen | Date last checked out | Cost, replacement price | Price effective from | Koha item type | Copy number |
|---|---|---|---|---|---|---|---|---|---|---|---|---|---|---|---|---|---|---|---|---|
| Dewey Decimal Classification | General | Biblioteca Karol Wojtyla | Biblioteca Karol Wojtyla | Sala general | 06/05/2024 | 1 | 1697.00 | 6 | 611.0181 R788 2020 | 104586 | 08/05/2026 | 08/05/2026 | 1697.00 | 06/05/2024 | Reserva permanente | |||||
| Dewey Decimal Classification | General | Biblioteca Karol Wojtyla | Biblioteca Karol Wojtyla | Sala general | 06/05/2024 | 1 | 1697.00 | 11 | 611.0181 R788 2020 | 104587 | 08/05/2026 | 08/05/2026 | 1697.00 | 06/05/2024 | Reserva permanente | Ej.2 |